Origen y vigencia de la ética civil y lugar social de lo sagrado en tiempos de post-secularidad : (Record no. 192844)

MARC details
000 -LEADER
campo de control de longitud fija 03339nam a2200385 i 4500
001 - NÚMERO DE CONTROL
campo de control 192844
003 - IDENTIFICADOR DE NÚMERO DE CONTROL
campo de control ES-MaACL
005 - FECHA Y HORA DE LA ÚLTIMA TRANSACCIÓN
campo de control 20260311135322.0
007 - CAMPO FIJO DE DESCRIPCIÓN FÍSICA--INFORMACIÓN GENERAL
campo de control de longitud fija ta
008 - DATOS DE LONGITUD FIJA--INFORMACIÓN GENERAL
campo de control de longitud fija 230606b sp |||||r|||| 00| 0 spa d
040 ## - FUENTE DE CATALOGACIÓN
Lengua de catalogación spa
Centro/agencia transcriptor ES-MaACL
080 ## - NÚMERO DE LA CLASIFICACIÓN DECIMAL UNIVERSAL
Número de la Clasificación Decimal Universal 172
100 1# - ENTRADA PRINCIPAL--NOMBRE DE PERSONA
Nombre de persona Martínez Samperio, Ángel
Término indicativo de función/relación Autor
9 (RLIN) 78403
245 10 - MENCIÓN DEL TÍTULO
Título Origen y vigencia de la ética civil y lugar social de lo sagrado en tiempos de post-secularidad :
Resto del título crisis de la ética y aportaciones del pensamiento teológico /
Mención de responsabilidad, etc. memoria para optar al grado de doctor presentada por Ángel Martínez Samperio ; director, Francisco Javier Fernández Vallina.
264 ## - PRODUCCIÓN, PUBLICACIÓN, DISTRIBUCIÓN, FABRICACIÓN Y COPYRIGHT
Producción, publicación, distribución, fabricación y copyright Madrid :
Nombre del de productor, editor, distribuidor, fabricante Ed. Electrónica,
Fecha de producción, publicación, distribución, fabricación o copyright 2021
300 ## - DESCRIPCIÓN FÍSICA
Extensión 798 páginas ;
Dimensiones 30 cm.
336 ## - TIPO DE CONTENIDO
Fuente rdacontent
Término de tipo de contenido Texto
337 ## - TIPO DE MEDIO
Fuente rdamedia
Nombre/término del tipo de medio sin mediación
338 ## - TIPO DE SOPORTE
Fuente rdacarrier
Nombre/término del tipo de soporte volumen
502 ## - NOTA DE TESIS
Nota de tesis Tesis--Universidad Complutense de Madrid, 2021.
502 ## - NOTA DE TESIS
Nota de tesis Tesis inédita de la Universidad Complutense de Madrid, Facultad de Filología, leída el 5/11/2021
504 ## - NOTA DE BIBLIOGRAFÍA, ETC.
Nota de bibliografía, etc. Bibliografía: páginas 760-798
520 ## - RESUMEN, ETC.
Sumario, etc. La presente tesis pretende sostener la vigencia de la Ilustración como responsabilidad del sujeto ético para consigo, y la de la modernidad como método que, desde la renovación del pensamiento, procura la transformación de la sociedad y el progreso científico y tecnológico. Esa vigencia se mantiene en los Derechos Humanos, defendidos por el derecho positivo de ejecución global. Al mismo tiempo sostiene el lugar social de lo sagrado, en el ámbito secular, como creación de un espacio y tiempo inviolables bajo responsabilidad humana en acogimiento y defensa del hombre y de la vida. Las derivas negativas de la propia modernidad son las causantes de la emergencia de la postmodernidad y de sus retos de creación con los fragmentos rotos de esa modernidad. Sin embargo, un nuevo tiempo emerge como postsecularidad, donde se ponen en concurrencia todos los recursos existentes en todos los ámbitos de las sociedades, incluidos los religiosos. Bajo esa perspectiva, nos ha importado la contribución que puede hacer el pensamiento teológico occidental, así como las que provienen del Consejo Mundial de Iglesias y del Parlamento de las Religiones del Mundo. Concluimos con una investigación de la significación del pensamiento protestante y evangélico en España, en sus vertientes cuantitativa y cualitativa. A ese respecto, hemos pretendido mantener la dialéctica como método a través de la interdisciplinariedad de las ciencias del sentido: Filosofía, sociología y teología han sido las tres fuentes nutricias.
530 ## - NOTA DISPONIBLE DE FORMULARIO FÍSICO ADICIONAL
Materiales especificados Disponible en formato digital
650 #7 - PUNTO DE ACCESO ADICIONAL DE MATERIA--TÉRMINO DE MATERIA
Término de materia o nombre geográfico como elemento de entrada Ética social
Fuente del encabezamiento o término embne
9 (RLIN) 12593
655 #7 - TERMINO DE INDIZACIÓN--GENERO/FORMA
Datos o término principal de género/forma Tesis y escritos académicos
Fuente del término tgfbne
9 (RLIN) 226867
700 ## - ENTRADA AGREGADA--NOMBRE PERSONAL
Nombre de persona Fernández Vallina, Francisco Javier
9 (RLIN) 226615
Término indicativo de función/relación Director de tesis
710 2# - ENTRADA AGREGADA--NOMBRE DE ENTIDAD CORPORATIVA
Nombre de entidad corporativa o nombre de jurisdicción como elemento de entrada Universidad Complutense de Madrid.
Unidad subordinada Facultad de Filología
9 (RLIN) 7120
852 ## - LOCALIZACIÓN
Ubicación ES-MaACL
Sublocalización o colección R. 153140
Ubicación en estantería Depósito J
Anotaciones manuscritas Dedicatoria autógrafa del autor
Donativo/Legado Donación: Ángel Martínez Samperio
Número de control de estantería N-8477
Encuadernación Cartoné
itemnumber 200146
856 4# - LOCALIZACIÓN Y ACCESO ELECTRÓNICOS
Identificador Uniforme de Recursos <a href="https://docta.ucm.es/entities/publication/4c8ce3a3-4707-4850-a98e-5af248dd5d60">https://docta.ucm.es/entities/publication/4c8ce3a3-4707-4850-a98e-5af248dd5d60</a>
Texto de enlace Versión en línea
Nota pública (Docta Complutense)
903 ## - NOMBRE PERSONAL DE DONANTE
a Martínez Samperio, Ángel
e Donante
9 78403
942 ## - ELEMENTOS DE ENTRADA SECUNDARIOS (KOHA)
Suprimir en OPAC No
Tipo de ítem Koha Libro impreso
Holdings
Estatus retirado Estado de pérdida Fuente del sistema de clasificación o colocación Estado de daño No para préstamo Colección Biblioteca de origen Biblioteca actual Ubicación en estantería Fecha de adquisición Fuente de adquisición Número de control de estantería Total de préstamos Signatura topográfica completa Código de barras Visto por última vez Tipo de ítem Koha Nota pública
    Clasificación decimal universal     Libros con dedicatorias Biblioteca del Ateneo de Madrid Biblioteca del Ateneo de Madrid Depósito J 27/05/2021 Donación Ateneísta   N-8477 101205442 06/06/2023 Libro impreso Dedicatoria autógrafa del autor